| 000 | 00545nam a2200193 a 4500 | ||
|---|---|---|---|
| 001 | 3990 | ||
| 005 | 20140414132054.0 | ||
| 008 | 040721s19uu xx 00 eng d | ||
| 020 | _a1586680722 | ||
| 050 |
_aER _bBa26ea 2001 |
||
| 100 | _aDavis, Guy | ||
| 245 |
_aBarney's : easter parade / _cby Guy Davis ; photography by Dennis Full. |
||
| 260 |
_aUSA : _bLyons Partnership, _c2001. |
||
| 300 | _a1 v. : ill. ; cm. | ||
| 440 | _aBarney's | ||
| 650 |
_aEaster parade celebration _xFiction. |
||
| 650 | _aChildren stories. | ||
| 999 |
_c114266 _d114266 |
||